000
00247nam a22001097a 4500
003
OSt
008
250204b |||||||| |||| 00| 0 eng d
041
_a
eng
100
_a
USDA
_9
2298
245
_a
Manual on Conservation of Soil and Water
942
_c
BK
999
_c
19287
_d
19287